Orlická přehrada

Korporativní autor: Kartografie Praha (firma)
Další autoři: Beneš, Ivan, Kelemen, Albert, 1922-1985, Stasz, Michal, Roulová, Zdenka, 1937-, Špaček, J., Kimlíček, O., Pravda, Ján, 1934-, Farkaš, A., Patočka, Bedřich
Jazyk: Ruština
Němčina
Čeština
Angličtina
Vydáno: Praha : Kartografie, 1972
Vydání: 2. vyd.
Edice: Soubor turistických map
Témata:
Fyzický popis: 1 mapa : barev. ; 61 x 22 cm na listu 83 x 22 cm, složeno na 22 x 11 cm
Language note: Doprovodný text a legenda česky, německy, anglicky a rusky
Mapy
Uloženo v:
LEADER 02754nem a2200565 a 4500
001 000320979
003 CZ BrMZK
005 20140507131127.0
007 aj|canzn
008 980107s1972 xr acg a 0 cze d
034 1 |a a  |b 50000  |d E0140741  |e E0141644  |f N0493745  |g N0492052 
040 |a BOA001  |b cze 
041 0 |a cze  |a ger  |a eng  |a rus 
043 |a e-xr---  |b e-xr-cc  |2 czenas 
072 7 |a 796  |x Sport. Hry. Tělesná cvičení  |2 Konspekt  |9 20 
072 7 |a 912  |x Mapy. Atlasy. Glóby  |2 Konspekt  |9 7 
080 |a 796.5:625.711.8  |2 MRF 
080 |a 913:338.483.1  |2 MRF 
080 |a 913(437.31-13)  |2 MRF 
080 |a (084.3)796.5  |2 MRF 
245 0 0 |a Orlická přehrada  |h [kartografický dokument] /  |c vydala, zpracovala a vytiskla Kartografie Praha ; odpovědný redaktor 1. vyd. Albert Kelemen ; odpovědný redaktor 2. vyd. Ivan Beneš ; technický redaktor 1. vyd. Michal Stasz ; technická redaktorka 2. vyd. Zdenka Roulová ; spolupracovali: J. Špaček ... [et al.] ; 2. vyd. recenzoval J. Špaček ; obálka: B. Patočka 
250 |a 2. vyd. 
255 |a Měřítko 1:50 000  |c (14°07´41" v.d.--14°16´44" v.d./49°37´45" s.š.--49°20´52" s.š.) 
260 |a Praha :  |b Kartografie,  |c 1972 
300 |a 1 mapa :  |b barev. ;  |c 61 x 22 cm na listu 83 x 22 cm, složeno na 22 x 11 cm 
490 1 |a Soubor turistických map 
500 |a Doplňková mapa s umístěním zobrazeného území v rámci širší oblasti 
500 |a Další údaje o odpovědnosti: spolupracovali: J. Špaček, O. Kimlíček, J. Pravda, A. Farkaš 
546 |a Doprovodný text a legenda česky, německy, anglicky a rusky 
650 0 7 |a turistické trasy  |7 ph606745  |2 czenas 
650 0 7 |a turistické zajímavosti  |7 ph126800  |2 czenas 
655 7 |a turistické mapy  |7 fd133737  |2 czenas 
651 7 |a Orlík (Česko : vodní nádrž)  |7 ge134415  |2 czenas 
700 1 |a Beneš, Ivan  |7 mzk2009535293  |4 pbd 
700 1 |a Kelemen, Albert,  |d 1922-1985  |7 jx20061209045  |4 ant 
700 1 |a Stasz, Michal  |7 jo2007376761  |4 ant 
700 1 |a Roulová, Zdenka,  |d 1937-  |7 stk2008428677  |4 red 
700 1 |a Špaček, J.  |4 oth 
700 1 |a Kimlíček, O.  |4 oth 
700 1 |a Pravda, Ján,  |d 1934-  |7 mzk2004228229  |4 oth 
700 1 |a Farkaš, A.  |4 oth 
700 1 |a Patočka, Bedřich  |7 mzk2014818806  |4 bjd 
710 2 |a Kartografie Praha (firma)  |7 kn20010724363  |4 pbl  |4 ctg  |4 prt 
830 0 |a Soubor turistických map 
910 |a BOA001  |b PK-0042.065  |b Skř.9A-0552.165-72 
964 |a Orlík - přehrada - mapy turistické 
990 |a MP 
991 |b 201405 
996 6 |b 2619672596  |c Skř.9A-0552.165-72  |l MZK  |r Sklad / do 24 hodin  |n 0  |w 000320979  |u 000020  |a 1  |e BOA001  |j MZK50  |s P 
996 7 |b 3119927364  |c PK-0042.065  |l MZK  |r Sklad / do 1 hodiny  |n 0  |w 000320979  |u 000010  |a 1  |e BOA001  |j MZK50  |s A